| 000 | 01120cam a2200277 a 4500 | ||
|---|---|---|---|
| 999 |
_c9857 _d9857 |
||
| 001 | 4732243 | ||
| 003 | OSt | ||
| 005 | 20210204164612.0 | ||
| 008 | 840424s1984 orua b 001 0 eng | ||
| 010 | _a 84009282 | ||
| 020 |
_a0880700637 : _c$11.95 |
||
| 040 |
_aDLC _cDLC _dDLC |
||
| 050 | 0 | 0 |
_aBX2349 _bV145B |
| 082 | 0 | 0 |
_a248.4/82 _219 _bV145B |
| 245 | 0 | 4 |
_aThe Benefit of Christ : _bliving justified because of Christ's death / _cby Juan de Valdés and Don Benedetto ; abridged and edited by James M. Houston ; introduction by Leon Morris. |
| 260 |
_aPortland, Or. : _bMultnomah Press, _cc1984. |
||
| 300 |
_axxxiii, 198 p. : _bill. ; _c22 cm. |
||
| 440 | 0 | _aClassics of faith and devotion | |
| 504 | _aIncludes bibliography and indexes. | ||
| 650 | 0 |
_aChristian life _xCatholic authors. |
|
| 700 | 1 |
_aHouston, J. M. _q(James Macintosh), _d1922- |
|
| 700 | 1 | 2 |
_aValdés, Juan de, _d-1541. _tConsideraciones divinas. _kSelections. _lEnglish. _f1984. |
| 700 | 0 | 2 |
_aBenedetto, _cda Mantova, _dactive 1534-1541. _tBeneficio di Cristo. _lEnglish. _f1984. |
| 906 |
_a7 _bcbc _corignew _d1 _eocip _f19 _gy-gencatlg |
||
| 942 |
_2ddc _cBK |
||